Problemas filosóficos en psicología /

Guardado en:
Bibliografiske detaljer
Hovedforfatter: Bolton, Neil (ed.)
Format: Bog
Sprog:spansk
Udgivet: Madrid, España : Alhambra, 1982
Fag:
Tags: Tilføj Tag
Ingen Tags, Vær først til at tagge denne postø!

MARC

LEADER 00000nam^a2200000^a^4500
001 000000820
005 20250521000000.0
009 20260310083044.334
037 |a Acervo ITESO - Biblioteca 
041 |a ESP 
082 |a 150. 1  |b BOL 
100 |a Bolton, Neil  |e (ed.) 
245 1 0 |a Problemas filosóficos en psicología /  |c Ed. de N. Bolton ; tr. por J. Fernández 
264 1 |a Madrid, España :  |b Alhambra,  |c 1982 
300 |a 249 p. 
336 |a texto  |b txt  |2 rdacontenido 
337 |a sin mediación  |b n  |2 rdamedio 
338 |a volumen  |b nc  |2 rdasoporte 
649 |a XX 
650 |a Psicología 
650 |a Filosofía 
910 |a Fondo General 
920 |a Impresos - Libros 
930 |a Colección General 
905 |a 101 
901 |a 0008200100  |b IT1  |c ACC  |i 000820  |u 20250521 
901 |a 0008200200  |b IT1  |c ACC  |i 900058  |u 20250521 
902 |a https://opac.biblio.iteso.mx/vufind/Record/000000820